Úvod do kvantové chemie

Gespeichert in:
Bibliographische Detailangaben
1. Verfasser: Fišer, Jiří
Format: Buch
Sprache:Tschechisch
Veröffentlicht: Praha Academia 1983
Ausgabe:Vyd. 1.
Online-Zugang:Im OPAC anzeigen
Tags: Tag hinzufügen
Keine Tags, Fügen Sie das erste Tag hinzu!

MARC

LEADER 00000nam a2200000 a 4500
005 20260127134250.0
008 000507s1983 xr a gr 001 0 cze c
035 |a vtls008458620 
035 |a SAVUKc032830 
039 9 |a 201201131047  |b mschk03  |y 200602030000  |z VLOAD 
040 |a SAVUK  |b slo  |c SNK  |d STUSCHK1  |e AACR2 
041 1 |a cze 
044 |a xr  |c CZ 
080 |a 541.2(075.8) 
100 1 |a Fišer, Jiří 
245 1 0 |a Úvod do kvantové chemie  |c Jiří Fišer 
250 |a Vyd. 1. 
260 |a Praha  |b Academia  |c 1983 
300 |a 247 s.  |b príklady 
504 |a Literatúra, register 
910 |a savuk 
910 |a SCHK95 
999 |c 8267  |d 8267